000 00585cab a2200193 4500
001 ABS39057
008 090401t1988 xxu||||| |||| 00| 0 eng d
035 _a(Sirsi) u14112
041 _aeng
100 _aRollinson, T.
245 _aUses and abuses of yield tables
260 _c1988
350 _a0
490 _aForestry & British Timber
_vApril 1988, 40(1)
520 _aDiscusses how to use yield tables which provide models of stand growth and yield to be used as a basis for forestry management planning.
690 _aRURAL PRACTICE
942 _n0
948 _c04/03/1997
999 _c9156
_d9156